MDQL
is popping MORE tags! Check the
thread
!
Quizzes
Events
Quiz Creation
Community
Videos
Private Events
Remove Ads
Sign In
Join for FREE
Feedback
Dark Mode
Quiz Categories
Sports
Geography
Music
Movies
Television
Just For Fun
Miscellaneous
History
Literature
Language
Science
Gaming
Entertainment
Religion
Holiday
For Kids
Quiz Lab
Recent
Popular Today
Quiz Kudos Today
Editor Picks
Curator Picks
Quizzes by...
Day
Popularity
Type
Ratings
Length
Year
Community
Subscriptions
Recent Discussions
Orange Saloon
Badges
Playlists
Quests
Create
Leaderboards
Showdown
Live 5
Trivia Bingo
Activity
Puzzle Library
Sporcle Events
Private Events
Virtual Trivia
Globe League
Become a Host
Pub Owners
SporcleCon
Opinionation
Our Games
Videos
Blog
Mobile Apps
Partnerships
Remove Ads and Go Orange
Feedback
Geography
Country
Landmarks
City
State
Population
World
Capital
Continent
Flags
Europe
Africa
Asia
South America
North America
Oceania
Border
Canada
United Kingdom
Topography
United States
Geography
Country
Landmarks
City
State
Population
World
Capital
Continent
Flags
Europe
Africa
Asia
South America
North America
Oceania
Border
Canada
United Kingdom
Topography
United States
Random Quiz
Search Sporcle
×
Quiz Lab
Quiz Lab
Geography
counties
Type in answers that appear in a list
Type in answers that appear in a list
Classic
Best Score? Go Orange.
Counties of Pennsylvania (A-Z) Stats
Can you name the Counties of Pennsylvania (A-Z)?
By
buearl47
10m
20 Questions
100 Plays
100 Plays
100 Plays
Comments
Comments
Give Quiz Kudos
Give Quiz Kudos
-
- Ratings
hide this ad
Replay
Link that replays current quiz
Next Quiz
Link to next quiz in quiz playlist
You Got
0%
They Got
Avg Score
81%
Avg Friend Score
Upgrade to see
Score Distribution
Jump to the score distribution portion of the page
Score
0/20
Timer
10:00
0
Plays Today
Letter
County
% Correct
B
Beaver, Bedford, Berks, Blair, Bradford, Bucks, Butler
96%
A
Adams, Allegheny, Armstrong
93%
C
Cambria, Cameron, Carbon, Centre, Chester, Clarion, Clearfield, Clinton, Columbia, Crawford, Cumberland
93%
E
Elk, Erie
93%
D
Dauphin, Delaware
92%
P
Perry, Philadelphia, Pike, Potter
91%
L
Lackawanna, Lancaster, Lawrence, Lebanon, Lehigh, Luzerne, Lycoming
89%
W
Warren, Washington, Wayne, Westmoreland, Wyoming
89%
M
McKean, Mercer, Mifflin, Monroe, Montgomery, Montour
87%
J
Jefferson, Juniata
85%
Letter
County
% Correct
Y
York
83%
F
Fayette, Forest, Franklin, Fulton
80%
S
Schuylkill, Snyder, Somerset, Sullivan, Susquehanna
79%
I
Indiana
78%
N
Northampton, Northumberland
74%
G
Greene
72%
U
Union
70%
T
Tioga
68%
V
Venango
61%
H
Huntingdon
59%
Quiz Playlist
Details
Report
Send in Message
Add To Playlist
Classic:
Type in answers that appear in a list
Last Updated: Feb 16, 2017
Quiz Scoreboard
CHALLENGE
Sign Up to Join the Scoreboard
Show All
Scores
Hide
Comments
May contain spoilers
Recently Published
Holiday 10x10 Sorting Gallery
by lukepisani3
Holiday
15m
Two Season TV Shows II
by 123Four
Television
10m
Image Sorting: Flags VI
by Barbecue
Geography
2m
More to Explore
Quiz From the Vault
Featured Blog Post
14 Easter Pick-up Lines to Find Eggs With
hide this ad
You Might Also Like...
Tags
A-Z
counties
Pennsylvania
Pennsylvania Counties
Today's Top Quizzes in Geography
Browse Geography
hide this ad
Today's Top Quizzes in counties
Browse counties
Top Contributed Quizzes in Geography
1
Colored Red Europe Blitz I
2
Countries of the World - No Outlines Minefield
3
Colored Red Africa Blitz II
4
Colored Red Europe Blitz II
5
Colored Red Europe Blitz III
6
Colored Red Africa Blitz III
7
Colored Red States Blitz I
8
A Different View: World Oceans
9
Colored Red States Blitz II
10
Colored Red States Blitz III
Explore More
Trending Topics
NBA
Crossword
Kpop
Anime
Disney
Marvel
Harry Potter
Country
NFL
Soccer
WWE
Song
Puzzle
Pokémon
The Office
hide this ad
More By:
buearl47
Quiz
Plays
Rating
Category
Featured
Created
NJ Transit Rail Stations
446
2.00
Geography
Jul 4, 2014
MBTA Commuter Rail Stations
373
5.00
Geography
Jul 3, 2014
Busiest MBTA Stations
276
5.00
Geography
May 20, 2013
Massachusetts Bay Transportation Authority Stops
237
5.00
Geography
Feb 12, 2012
MBTA Green Line Stops
214
3.50
Geography
Apr 13, 2012
Go to Creator's Profile
Score Distribution
Quiz Creator Spotlight
buearl47
Follow
Send a Message
Quizzes Created
-
Created Quiz Play Count
-
More By This Creator
Popular Quizzes Today
1
Find the US States - No Outlines Minefield
2
Colored Red Africa Blitz
3
Find the 'City' Movie
4
The Countries of the World
5
Find the US States
6
5x2 Blitz: Bands
7
Find the Countries of Europe - No Outlines Minefield
8
US States
More Geography Quizzes
5 States that Border Virginia
Published
Trending Quizzes
Colored Red Europe Blitz I
Colored Red Europe Blitz II
Colored Red Africa Blitz II
Colored Red Europe Blitz III
Colored Red Africa Blitz III
Recently Updated
Odd Team Out - Big 4 Players
pecheneg
Quick Pick: 20 Twenties
pecheneg
March Madness Men's Triple Doubles
pecheneg
How Do You Spell That?
pecheneg
Godzilla Movies
pecheneg
Grab Bag: 4-10 Letters
pecheneg
2024 March Madness Bracket
pecheneg
Famous TV Couples
Peacemaker
Champions League XIs: Real Madrid
pecheneg
Largest US Cities 1790-2010
pecheneg
Trending Topics
NBA
Disney
Kpop
Anime
Marvel
Harry Potter
Crossword
Country
Pokémon
The Office
Puzzle
Soccer
WWE
Song
NFL
Your Account Isn't Verified!
In order to create a playlist on Sporcle, you need to verify the email address you used during registration. Go to your
Sporcle Settings
to finish the process.
Report this User
Report this user for behavior that violates our
Community Guidelines
.
Details:
Send Report
Go to the Sporcle.com Mobile Site →
Comments